[Event "GRE-ch U12 Attiki"]
[Site "Peristeri"]
[Date "2022.06.27"]
[Round "4"]
[White "Armaos, Michail"]
[Black "Lepetsos, Georgios"]
[Result "1-0"]
[WhiteElo "1184"]
[BlackElo "1257"]
[PlyCount "107"]
[EventDate "2022.06.24"]
[EventType "swiss"]
[EventRounds "7"]
[EventCountry "GRE"]
[SourceTitle "EXT 2023"]
[Source "ChessBase"]
[SourceDate "2022.10.05"]
[SourceVersion "1"]
[SourceVersionDate "2022.10.05"]
[SourceQuality "1"]

1. d4 Nf6 2. c4 g6 3. Nc3 d5 4. Bf4 Bg7 5. e3 0-0 6. Nf3 Bg4 7. h3 Bxf3 8. Qxf3 c6 9. Bd3 dxc4 10. Bxc4 e6 11. 0-0 Nd5 12. Nxd5 cxd5 13. Bd3 Nc6 14. a3 f6 15. Qe2 e5 16. dxe5 fxe5 17. Bg3 e4 18. Bb5 Ne5 19. Qd2 a6 20. Be2 Qd7 21. Rfd1 Rad8 22. Bxe5 Bxe5 23. Bc4 Rf5 24. Qxd5+ Qxd5 25. Rxd5 Rxd5 26. Bxd5+ Kf8 27. Bxe4 Rf7 28. a4 a5 29. Rc1 Bd6 30. Rc8+ Kg7 31. Bd5 Re7 32. Rd8 Be5 33. b3 Rc7 34. g3 Kf6 35. Rf8+ Kg7 36. Re8 Bd6 37. Rd8 Bc5 38. Rb8 b6 39. Rb7 Rxb7 40. Bxb7 Kf6 41. Kg2 Bb4 42. f4 h6 43. Kf3 Ke6 44. e4 Bc3 45. e5 Bxe5 46. fxe5 Kxe5 47. g4 h5 48. gxh5 gxh5 49. Kg3 Kf5 50. h4 Ke5 51. Bc6 Kd6 52. Be8 Kc5 53. Bxh5 Kb4 54. Bf7 1-0

[Event "GRE-ch U12 Attiki"]
[Site "Peristeri"]
[Date "2022.06.24"]
[Round "1"]
[White "Lepetsos, Georgios"]
[Black "Apostolopoulos, Dimitrios"]
[Result "1-0"]
[WhiteElo "1257"]
[BlackElo "1624"]
[PlyCount "55"]
[EventDate "2022.06.24"]
[EventType "swiss"]
[EventRounds "7"]
[EventCountry "GRE"]
[SourceTitle "EXT 2023"]
[Source "ChessBase"]
[SourceDate "2022.10.05"]
[SourceVersion "1"]
[SourceVersionDate "2022.10.05"]
[SourceQuality "1"]

1. d4 d5 2. c4 dxc4 3. e3 Nf6 4. Nc3 g6 5. Bxc4 Bg7 6. h3 e6 7. Nf3 0-0 8. 0-0 Nbd7 9. Bd2 b6 10. Rc1 Bb7 11. Qe2 Re8 12. e4 c5 13. Rfd1 e5 14. d5 a6 15. a4 Qc7 16. Ng5 Bh6 17. d6 Qb8 18. Bxf7+ Kf8 19. Bxe8 Qxe8 20. Nxh7+ Nxh7 21. Bxh6+ Kf7 22. Qc4+ Kf6 23. Be3 b5 24. axb5 axb5 25. Qe2 b4 26. Nd5+ Bxd5 27. Rxd5 Ra2 28. Bxc5 1-0

[Event "GRE-chT 48th"]
[Site "Athens"]
[Date "2021.09.07"]
[Round "1.6"]
[White "Lepetsos, Georgios"]
[Black "Poupalos, Ionas"]
[Result "1/2-1/2"]
[WhiteElo "1199"]
[BlackElo "1062"]
[PlyCount "76"]
[EventDate "2021.09.07"]
[EventType "team-swiss"]
[EventRounds "7"]
[EventCountry "GRE"]
[SourceTitle "CBM 204 Extra"]
[Source "ChessBase"]
[SourceDate "2021.11.30"]
[SourceVersion "1"]
[SourceVersionDate "2021.11.30"]
[SourceQuality "1"]
[WhiteTeam "Piraikos"]
[BlackTeam "Papagou"]
[WhiteTeamCountry "GRE"]
[BlackTeamCountry "GRE"]

1. d4 d5 2. c4 c6 3. cxd5 cxd5 4. Nf3 Nc6 5. Bf4 Bf5 6. Nc3 Nf6 7. e3 e6 8. Bd3 Bxd3 9. Qxd3 Bd6 10. Bxd6 Qxd6 11. 0-0 0-0 12. Rac1 Rac8 13. a3 a6 14. Na4 Nd7 15. b4 b5 16. Nc5 Nxc5 17. Rxc5 f6 18. Rfc1 Ne7 19. R1c3 Rc6 20. Qc2 Rfc8 21. Nd2 Rxc5 22. Rxc5 Rxc5 23. Qxc5 Qxc5 24. dxc5 Nc6 25. f4 f5 26. Nf3 h6 27. Nd4 Nxd4 28. exd4 Kf7 29. Kf2 g5 30. Kg3 Ke7 31. Kf3 Kd7 32. g4 Ke7 33. h4 e5 34. fxe5 f4 35. hxg5 hxg5 36. c6 Ke6 37. Ke2 Ke7 38. Kf2 Ke6 1/2-1/2

[Event "GRE-ch South U10"]
[Site "Athens"]
[Date "2020.08.28"]
[Round "1"]
[White "Koutsoukis, Georgios A"]
[Black "Lepetsos, Georgios"]
[Result "0-1"]
[WhiteElo "1354"]
[BlackElo "1111"]
[PlyCount "74"]
[EventDate "2020.08.28"]
[EventType "swiss"]
[EventRounds "9"]
[EventCountry "GRE"]
[SourceTitle "EXT 2023"]
[Source "ChessBase"]
[SourceDate "2022.10.05"]
[SourceVersion "1"]
[SourceVersionDate "2022.10.05"]
[SourceQuality "1"]

1. d4 e6 2. c4 f5 3. Nc3 Nf6 4. e3 Be7 5. Bd3 0-0 6. Nge2 d6 7. 0-0 e5 8. h3 Bd7 9. f3 a6 10. Ng3 f4 11. dxe5 fxg3 12. exf6 Rxf6 13. Nd5 Rh6 14. Nxe7+ Qxe7 15. e4 Rh5 16. Bf4 Qh4 17. Bxg3 Qxg3 18. Qe1 Rg5 19. Qxg3 Rxg3 20. Kf2 Rg5 21. f4 Ra5 22. b4 Ra3 23. Ke2 Nc6 24. Rfb1 Nd4+ 25. Kd2 Rf8 26. f5 g6 27. g4 Nf3+ 28. Ke2 Ne5 29. Rb3 Rxb3 30. axb3 Re8 31. c5 dxc5 32. bxc5 gxf5 33. gxf5 Nf7 34. Bc4 Rxe4+ 35. Kf3 Bxf5 36. Rg1+ Kf8 37. Rg5 Nxg5+ 0-1